000 00911nam0a22002891 4500
001 rc\2287125
005 20250623015656.0
035 _a(NLR Aleph) 006520833
090 _a6428371
_c6428371
100 _a20110826d1978 |||y0rusy50 ca
101 0 _arus
102 _aRU
105 _aa z |||a|
200 1 _aСеребряная гроза
_eСтихи
_f[Худож. В.П. Уризченко]
210 _aУлан-Удэ
_cБурят. кн. изд-во
_d1978
215 _a119 с.
_cил.
_d16
300 _aНа обл. авт. не указан
686 _aШ5(2=Р)75-65я44
_2rubbk
700 1 _aОлзоева
_bЛ.К.
_gЛюдмила Кирилловна
702 1 _aУризченко
_bВ.П.
_4440
801 0 _aRU
_bNLR
_gpsbo
801 1 _aRU
_bELAR
_2rusmarc
852 _aNLR
_j78-2/1638
899 _aRuMoRGB
_jБ 78-42/787
899 _aRuMoRGB
_jБ 78-42/788
942 _cBOOK
980 _aNB